[Event "Politiken Cup 33rd"]
[Site "Helsingor"]
[Date "2011.07.30"]
[Round "1"]
[White "Satre, Mathias"]
[Black "Rorvik, Jon Fredrik"]
[Result "0-1"]
[WhiteElo "1756"]
[BlackElo "2172"]
[PlyCount "68"]
[EventDate "2011.07.30"]
[EventType "swiss"]
[EventRounds "10"]
[EventCountry "DEN"]
[SourceTitle "CBM 143 Extra"]
[Source "ChessBase"]
[SourceDate "2011.08.29"]
[SourceVersion "1"]
[SourceVersionDate "2011.08.29"]
[SourceQuality "1"]

1. e4 e5 2. Nf3 Nc6 3. d4 exd4 4. Bc4 Bc5 5. c3 Nf6 6. e5 d5 7. Bb5 Ne4 8. cxd4 Bb4+ 9. Bd2 Nxd2 10. Nbxd2 Bd7 11. 0-0 0-0 12. Bd3 Bg4 13. Qc2 Bxd2 14. Bxh7+ Kh8 15. Nxd2 Nxd4 16. Qd3 c5 17. f3 Be6 18. f4 Qh4 19. Nf3 Qxh7 20. Qxh7+ Kxh7 21. Nxd4 cxd4 22. f5 Bd7 23. Rf4 g5 24. Rf3 Rh8 25. g4 Kg7 26. Rd1 Rae8 27. e6 fxe6 28. f6+ Kf7 29. Rxd4 e5 30. Rb4 Bc6 31. Rf5 e4 32. Rxg5 Reg8 33. Rf5 Rxg4+ 34. Kf2 e3+ 0-1